[Event "Championnat de France - Accession Fémini"]
[Site "Nimes"]
[Date "2009.08.21"]
[Round "10.1"]
[White "Batteau, Valerie"]
[Black "Hourlier, Claire"]
[Result "1/2-1/2"]
[WhiteElo "1951"]
[BlackElo "1918"]
[PlyCount "79"]
[EventDate "2009.??.??"]

1. e4 c5 2. Nf3 Nc6 3. c3 d5 4. exd5 Qxd5 5. d4 Bg4 6. Be2 cxd4 7. cxd4 e6 8.
Nc3 Qd7 9. Be3 Nf6 10. O-O Rd8 11. Qa4 Be7 12. Rfd1 O-O 13. a3 Nd5 14. Nxd5
Qxd5 15. Rd2 Bf6 16. Rad1 a6 17. Rc1 Qa5 18. Qd1 Be7 19. h3 Bf5 20. Rc3 Be4 21.
Bd3 Bxd3 22. Rcxd3 Rd5 23. Bf4 Rfd8 24. b4 Qb6 25. Be3 Qc7 26. Rc2 Qd7 27. Rcd2
e5 28. Nh2 Qf5 29. g4 Qd7 30. Kg2 Bf6 31. f4 e4 32. Rc3 Bxd4 33. Bxd4 Rxd4 34.
Rxd4 Qxd4 35. Qxd4 Rxd4 36. Nf1 g6 37. Ng3 Rd3 38. Nxe4 Rxc3 39. Nxc3 Kf8 40.
Kf2 1/2-1/2

[Event "Championnat de France - Accession Fémini"]
[Site "Nimes"]
[Date "2009.08.21"]
[Round "10.2"]
[White "Armas, Lara-Maria"]
[Black "Khelif, Jihane"]
[Result "1-0"]
[WhiteElo "1948"]
[BlackElo "1750"]
[PlyCount "95"]
[EventDate "2009.??.??"]

1. d4 e6 2. c4 Bb4+ 3. Nd2 d5 4. e3 Nf6 5. a3 Bxd2+ 6. Bxd2 O-O 7. Nf3 Nbd7 8.
Bd3 c5 9. cxd5 Nxd5 10. Qc2 f5 11. dxc5 Qc7 12. Rc1 Ne5 13. Be2 Bd7 14. O-O Ng4
15. h3 Ngf6 16. Bd3 Ne7 17. b4 Nh5 18. Bc3 Ng6 19. Rfd1 Bc6 20. Be2 f4 21. e4
Qe7 22. Nd4 f3 23. Nxf3 Rf4 24. Nd2 Rxf2 25. Kxf2 Qh4+ 26. Kg1 Nhf4 27. Bg4 Rf8
28. Nf3 Qe7 29. Kh2 h5 30. Bxe6+ Qxe6 31. Rd6 Qc4 32. Bb2 Qf7 33. Qc4 Ne2 34.
Qxe2 Qf4+ 35. Kg1 Bxe4 36. Qc4+ Kh8 37. Rd4 Qe3+ 38. Kh1 Bxf3 39. Qc2 Nh4 40.
Rxh4 Qe7 41. Rd4 Bc6 42. Rd2 Qh4 43. Qc3 Rf7 44. Rcd1 Kh7 45. Kh2 Bf3 46. Qd3+
Be4 47. Qg3 Qe7 48. Rd7 1-0

[Event "Championnat de France - Accession Fémini"]
[Site "Nimes"]
[Date "2009.08.21"]
[Round "10.3"]
[White "Bismuth, Lea"]
[Black "Wohlers-Armas, Friederike"]
[Result "0-1"]
[WhiteElo "1892"]
[BlackElo "2061"]
[PlyCount "92"]
[EventDate "2009.??.??"]

1. e4 c5 2. Nc3 Nc6 3. f4 g6 4. Nf3 Bg7 5. Bc4 e6 6. O-O Nge7 7. Qe1 O-O 8. d3
d5 9. Bb3 Na5 10. Qh4 Nxb3 11. axb3 b6 12. f5 exf5 13. Bh6 Bxh6 14. Qxh6 f6 15.
e5 d4 16. exf6 Rxf6 17. Ne4 Qf8 18. Nxf6+ Qxf6 19. Rae1 Qf8 20. Qh4 Nd5 21. Rf2
Bd7 22. Rfe2 Re8 23. Rxe8 Bxe8 24. Ng5 h5 25. Qg3 f4 26. Qf3 Ne3 27. Qb7 Qf6
28. Qh7+ Kf8 29. Ne4 Qg7 30. Qxg7+ Kxg7 31. Ra1 a5 32. c4 Bc6 33. g3 Bxe4 34.
dxe4 fxg3 35. hxg3 Kf6 36. Kf2 Ke5 37. Kf3 g5 38. Rh1 g4+ 39. Kf2 Kxe4 40. Rxh5
Kd3 41. Rh6 Kc2 42. Rxb6 Nd1+ 43. Ke1 Nxb2 44. Ra6 d3 45. Rd6 Kxb3 46. Rg6 Kc2
0-1

[Event "Championnat de France - Accession Fémini"]
[Site "Nimes"]
[Date "2009.08.21"]
[Round "10.4"]
[White "Forgues, Valerie"]
[Black "Soubirou, Oriane"]
[Result "1/2-1/2"]
[WhiteElo "2010"]
[BlackElo "1916"]
[PlyCount "72"]
[EventDate "2009.??.??"]

1. e4 c5 2. Nf3 d6 3. d4 cxd4 4. Nxd4 Nf6 5. Nc3 a6 6. Be2 e6 7. O-O Qc7 8. a4
b6 9. f4 Bb7 10. Bf3 Nbd7 11. Nb3 Rc8 12. Be3 h5 13. Rf2 Qb8 14. Qe2 Qa8 15.
Nd2 g6 16. Rff1 d5 17. exd5 Nxd5 18. Nxd5 Bxd5 19. c3 Bxf3 20. Nxf3 Bc5 21.
Bxc5 Nxc5 22. Nd2 Qc6 23. b3 Ke7 24. f5 gxf5 25. Rxf5 Rcg8 26. Rf2 Rg7 27. Qf3
Qxf3 28. Rxf3 Rhg8 29. g3 h4 30. Kg2 Rd8 31. Ra2 Nd3 32. Kg1 Ne5 33. Re3 Ng4
34. Rf3 Ne5 35. Re3 Ng4 36. Rf3 Ne5 1/2-1/2

[Event "Championnat de France - Accession Fémini"]
[Site "Nimes"]
[Date "2009.08.21"]
[Round "10.5"]
[White "Fruteau, Sabine"]
[Black "Roumegous, Marina"]
[Result "0-1"]
[WhiteElo "2126"]
[BlackElo "2220"]
[PlyCount "80"]
[EventDate "2009.??.??"]

1. e4 c6 2. d4 d5 3. Nc3 dxe4 4. Nxe4 Nf6 5. Nxf6+ gxf6 6. Nf3 Bf5 7. c3 Qc7 8.
Bd3 Bg6 9. Be3 e6 10. Bxg6 hxg6 11. Qd2 Nd7 12. O-O-O O-O-O 13. Bf4 Qa5 14. Kb1
Nb6 15. Qc2 g5 16. Bg3 Qd5 17. h4 g4 18. Nd2 Be7 19. Qe4 f5 20. Qf4 Bd6 21. Qe3
f4 22. Qd3 fxg3 23. c4 Qxg2 24. Rhg1 Qxf2 25. Rgf1 Qh2 26. Rh1 g2 27. Rxh2 Bxh2
28. Qe3 g1=Q 29. Rxg1 Bxg1 30. Qxg1 Rxh4 31. a3 g3 32. Nf3 Rg4 33. Ne5 Rg7 34.
c5 Nd5 35. Nf3 g2 36. Qe1 Rh8 37. Ka2 Rh1 38. Ng1 Rxg1 39. Qxg1 Nf4 40. d5 Nxd5
0-1

[Event "Championnat de France - Accession Fémini"]
[Site "Nimes"]
[Date "2009.08.21"]
[Round "10.6"]
[White "Gertosio-Serena, Sophie"]
[Black "Rigolot, Lucie"]
[Result "1-0"]
[WhiteElo "1794"]
[BlackElo "1806"]
[PlyCount "75"]
[EventDate "2009.??.??"]

1. d4 d5 2. Nf3 c6 3. g3 Bf5 4. Bg2 Nf6 5. b3 e6 6. O-O Nbd7 7. Nbd2 Be7 8. Bb2
O-O 9. Nh4 Ne4 10. Nxf5 exf5 11. c4 Bd6 12. Qc2 Qg5 13. Bc1 Qf6 14. Nf3 Rfe8
15. c5 Bc7 16. Be3 g5 17. Rad1 Qg6 18. Qc1 f6 19. Rfe1 Kh8 20. Rf1 Rg8 21. Bd2
f4 22. g4 f5 23. h3 h5 24. Nh2 fxg4 25. hxg4 hxg4 26. Nxg4 Qh5 27. Bf3 Qh4 28.
Kg2 Nxf2 29. Rh1 Nxd1 30. Qxd1 Kg7 31. Rxh4 gxh4 32. Kh3 Kf8 33. Qc2 Ke8 34.
Qh7 Rf8 35. Be1 a5 36. Bxh4 Rf7 37. Qg8+ Nf8 38. Nh6 1-0

[Event "Championnat de France - Accession Fémini"]
[Site "Nimes"]
[Date "2009.08.22"]
[Round "11.2"]
[White "Roumegous, Marina"]
[Black "Gertosio-Serena, Sophie"]
[Result "1/2-1/2"]
[WhiteElo "2220"]
[BlackElo "1794"]
[PlyCount "51"]
[EventDate "2009.??.??"]

1. d4 Nf6 2. Bg5 g6 3. Bxf6 exf6 4. e3 d5 5. Bd3 c5 6. dxc5 Qa5+ 7. c3 Qxc5 8.
Nd2 Nc6 9. Nb3 Qe7 10. Nf3 Bg7 11. Be2 Be6 12. Nbd4 O-O 13. O-O a6 14. a4 Rac8
15. Nxc6 Rxc6 16. Nd4 Rc7 17. a5 Bd7 18. Qb3 Qc5 19. Rfd1 f5 20. Bf3 Be6 21.
Ra4 Rd8 22. Rb4 Qe7 23. Rb6 Be5 24. Qc2 Rc5 25. Nb3 Rcc8 26. Rb4 1/2-1/2

[Event "Championnat de France - Accession Fémini"]
[Site "Nimes"]
[Date "2009.08.22"]
[Round "11.4"]
[White "Wohlers-Armas, Friederike"]
[Black "Forgues, Valerie"]
[Result "0-1"]
[WhiteElo "2061"]
[BlackElo "2010"]
[PlyCount "60"]
[EventDate "2009.??.??"]

1. d4 Nf6 2. c4 e6 3. Nc3 Bb4 4. f3 c5 5. e3 O-O 6. a3 Bxc3+ 7. bxc3 d6 8. Bd3
Nc6 9. Ne2 b6 10. Ng3 Na5 11. Qe2 Ba6 12. d5 Qd7 13. e4 h6 14. O-O Rfe8 15. f4
exd5 16. cxd5 c4 17. Bc2 Nxd5 18. Nf5 Qxf5 19. exd5 Qxd5 20. Qg4 Qe6 21. Qg3
Bb7 22. f5 Qf6 23. Bf4 Re2 24. Rf2 Rxf2 25. Kxf2 d5 26. Re1 Nc6 27. Qf3 d4 28.
cxd4 Qxd4+ 29. Be3 Qh4+ 30. Ke2 Nd4+ 0-1

[Event "Championnat de France - Accession Fémini"]
[Site "Nimes"]
[Date "2009.08.22"]
[Round "11.5"]
[White "Khelif, Jihane"]
[Black "Bismuth, Lea"]
[Result "0-1"]
[WhiteElo "1750"]
[BlackElo "1892"]
[PlyCount "46"]
[EventDate "2009.??.??"]

1. e4 d5 2. exd5 Qxd5 3. Qf3 Qd6 4. Nc3 Nf6 5. Bc4 a6 6. Nge2 Nc6 7. Ne4 Qb4 8.
Nxf6+ exf6 9. Bd5 Ne5 10. Qb3 c6 11. a3 Qe7 12. Bf3 Be6 13. Qc3 Nxf3+ 14. Qxf3
Bd5 15. Qg3 Qe4 16. f3 Qxc2 17. O-O O-O-O 18. Rf2 Qd1+ 19. Rf1 Qxe2 20. d4 Bd6
21. Bf4 Bxf4 22. Qxf4 Rhe8 23. a4 Qe3+ 0-1